Bienvenue à la E-Bibliothèque de l’UEH

Bénéficiez l'accès à des milliers de ressources en ligne

Le soin des pauvres : (notice nᵒ 15523)

détails MARC
000 -LEADER
fixed length control field 02398 a2200349 4500
001 - CONTROL NUMBER
control field OB-pur-193035
003 - CONTROL NUMBER IDENTIFIER
control field FrMaCLE
005 - DATE AND TIME OF LATEST TRANSACTION
control field 20251214082842.0
007 - PHYSICAL DESCRIPTION FIXED FIELD--GENERAL INFORMATION
fixed length control field cu ||||||m||||
008 - FIXED-LENGTH DATA ELEMENTS--GENERAL INFORMATION
fixed length control field 230927e||||||||xx |||||s|||||||||0|fr|d
020 ## - INTERNATIONAL STANDARD BOOK NUMBER
International Standard Book Number 978-2-7535-9621-4
024 7# - OTHER STANDARD IDENTIFIER
Standard number or code 10.4000/books.pur.193035
Source of number or code doi
040 ## - CATALOGING SOURCE
Original cataloging agency FR-FrMaCLE
041 ## - LANGUAGE CODE
Language code of text/sound track or separate title fra
100 1# - MAIN ENTRY--PERSONAL NAME
Personal name Jusseaume, Anne
245 13 - TITLE STATEMENT
Title Le soin des pauvres :
Remainder of title Vocations féminines dans le Paris du xixe siècle /
Statement of responsibility, etc. Anne Jusseaume.
260 ## - PUBLICATION, DISTRIBUTION, ETC.
Place of publication, distribution, etc. Rennes :
Name of publisher, distributor, etc. Presses universitaires de Rennes,
Date of publication, distribution, etc. 2023.
300 ## - PHYSICAL DESCRIPTION
Extent 396 p.
500 ## - GENERAL NOTE
General note Ebook
520 ## - SUMMARY, ETC.
Summary, etc. Soigner les pauvres, telle est la vocation de milliers de jeunes femmes qui, tout au long du xixe siècle, prennent le voile en France et concrétisent ainsi un désir de vie religieuse et de service. Cet engagement ouvre aux femmes des voies pour s’affirmer hors de la famille, dans l’espace public et le monde du travail. Infirmières ou pharmaciennes, responsables de services d’hôpitaux et d’hospices, ou gardes-malades à domicile, ce sont les « bonnes » sœurs du xixe siècle. Figures de la charité, elles sont aussi les chevilles ouvrières du système public de santé dont elles accompagnent la médicalisation. Dans une société confrontée à une nouvelle pauvreté massive et alors que l’Église catholique s’inquiète de la déchristianisation populaire, les sœurs soignantes répondent aux attentes sociales et sanitaires, religieuses et morales de leur temps. La laïcisation républicaine signe-t-elle leur disparition ? Rien n’est moins sûr à en regarder leur présence dans Paris au début du xxe siècle. S’appuyant sur de nombreuses archives des couvents et des institutions hospitalières, cette enquête questionne la vocation des sœurs soignantes dans leur quotidien auprès des pauvres de la capitale. Elle propose une histoire du care qui éclaire les enjeux profanes et spirituels de la relation de soin.
540 ## - TERMS GOVERNING USE AND REPRODUCTION NOTE
Terms governing use and reproduction OpenEdition Books License
Uniform Resource Identifier <a href="https://www.openedition.org/12554">https://www.openedition.org/12554</a>
650 #4 - SUBJECT ADDED ENTRY--TOPICAL TERM
Topical term or geographic name entry element History
Topical term or geographic name entry element vocation
Topical term or geographic name entry element laïcité
Topical term or geographic name entry element congrégation
Topical term or geographic name entry element médecine
Topical term or geographic name entry element professionnalisation
Topical term or geographic name entry element infirmière
760 0# - MAIN SERIES ENTRY
International Standard Serial Number 2111-496X
776 ## - ADDITIONAL PHYSICAL FORM ENTRY
International Standard Book Number 978-2-7535-9277-3
856 4# - ELECTRONIC LOCATION AND ACCESS
Data provenance Jusseaume, Anne
Uniform Resource Identifier <a href="https://books.openedition.org/pur/193035">https://books.openedition.org/pur/193035</a>
Link text Le soin des pauvres

Pas d'exemplaire disponible.

Bibliothèque universitaire de l'UEH
Portail centralisé donnant accès au catalogue, aux ressources numériques et aux productions scientifiques de l’Université d’État d’Haïti.

Plateformes institutionnelles

  • Dépôt institutionnel UEH
  • Revues scientifiques UEH
  • GED institutionnelle
  • UEH enseignement à distance

Contact

  • Adresse : 21 Rue Rivière, Port-au-Prince
  • Email : bibliotheque@ueh.edu.ht
  • Téléphone : +509 22-45-68-43 / 22-45-68-44
  • Heures : Lundi–Vendredi 8h–16h
© 2026 UEH – E-Bibliothèque de l’Université d’État d’Haïti | À propos | Confidentialité | Conditions | Mentions légales | Accessibilité | Plan du site | Contact